Vista normal Vista MARC

Entrada Topical Term

Número de registros utilizados en: 1

001 - CONTROL NUMBER

  • control field: 41396

003 - CONTROL NUMBER IDENTIFIER

  • control field: OSt

005 - DATE AND TIME OF LATEST TRANSACTION

  • control field: 20211103113744.0

008 - FIXED-LENGTH DATA ELEMENTS

  • fixed length control field: 211103|| aca||aabn | a|a d

040 ## - CATALOGING SOURCE

  • Original cataloging agency: OSt
  • Transcribing agency: OSt

150 ## - HEADING--TOPICAL TERM

  • Topical term or geographic name entry element: Empresas y economía

670 ## - SOURCE DATA FOUND

  • Source citation: Work cat.: (OSt)8730: White, Lawrence H., 18119 autor, El choque de ideas económicas : , ©2014